ELEMENTS OF CIVIL ENGINEERING (Record no. 1163568)

MARC details
000 -LEADER
fixed length control field 00340nam a2200109Ia 4500
008 - FIXED-LENGTH DATA ELEMENTS--GENERAL INFORMATION
fixed length control field 240521s1991 xx 000 0 und d
041 ## - LANGUAGE CODE
Language code of text/sound track or separate title eng
100 ## - MAIN ENTRY--PERSONAL NAME
Personal name KULKARNI.S.B,INAMDAR.G.V,AGNIHOTRI.A.D.,GAJENDRAGADKAR.S.K.
245 ## - TITLE STATEMENT
Title ELEMENTS OF CIVIL ENGINEERING
260 ## - PUBLICATION, DISTRIBUTION, ETC.
Name of publisher, distributor, etc. ASSOCIATION OF OFFICIAL ANALYTICAL CHEMISTS
Date of publication, distribution, etc. 1991
300 ## - PHYSICAL DESCRIPTION
Extent 108

No items available.